Ženevské dohovory o ochrane obetí vojny diplomová práca

Salvato in:
Dettagli Bibliografici
Autore principale: Ďurkáčová, Romana
Ente Autore: Fakulta medzinárodných vzťahov EU. Katedra medzinárodného práva
Altri autori: Mráz, Stanislav
Natura: Libro
Lingua:slovacco
Pubblicazione: Bratislava 2018
Tags: Aggiungi Tag
Nessun Tag, puoi essere il primo ad aggiungerne!!

MARC

LEADER 00000nbm a2200000 4500
001 0244504
005 20180802101607.0
041 0 |a slo 
044 |a SK 
245 1 0 |a Ženevské dohovory o ochrane obetí vojny  |b diplomová práca  |c Romana Ďurkáčová ; školiteľ: Stanislav Mráz 
264 1 |a Bratislava  |c 2018 
300 |a 81 s. 
100 1 |a Ďurkáčová, Romana 
700 1 |a Mráz, Stanislav 
710 2 |a Fakulta medzinárodných vzťahov EU. Katedra medzinárodného práva